Object- oriented programming in C++ (Record no. 209738)

000 -LEADER
fixed length control field 00786 a2200169 4500
003 - CONTROL NUMBER IDENTIFIER
control field Nust
005 - DATE AND TIME OF LATEST TRANSACTION
control field 20170207164715.0
040 ## - CATALOGING SOURCE
Transcribing agency Nust
082 ## - DEWEY DECIMAL CLASSIFICATION NUMBER
Classification number 005.133
100 ## - MAIN ENTRY--PERSONAL NAME
Personal name Lafore, Robert
245 ## - TITLE STATEMENT
Title Object- oriented programming in C++
Statement of responsibility, etc. Robert Lafore.
250 ## - EDITION STATEMENT
Edition statement 3rd ed. /
300 ## - PHYSICAL DESCRIPTION
Extent 924p
505 ## - FORMATTED CONTENTS NOTE
Formatted contents note Introduction 1 The Big Picture 9 C++ Programming Basics 29 Loops and Decisions 75 Structures 131 Functions 161 Objects and Classes 215 Arrays and Strings 263 Operator Overloading 319 Inheritance 371 Pointers 429 Virtual Functions 503 Streams and Files 567 Multifile Programs 633 Templates and Exceptions 681 The Standard Template Library 725 Object-Oriented Software Development 801
538 ## - SYSTEM DETAILS NOTE
System details note Almirah no 5 and shelf no 6
650 ## - SUBJECT ADDED ENTRY--TOPICAL TERM
Topical term or geographic name entry element Object- oriented programming in C++
942 ## - ADDED ENTRY ELEMENTS (KOHA)
Source of classification or shelving scheme
Koha item type Book
Holdings
Withdrawn status Lost status Source of classification or shelving scheme Damaged status Not for loan Collection code Permanent Location Current Location Date acquired Total Checkouts Full call number Barcode Date last seen Price effective from Koha item type
            Military College of Signals (MCS) Military College of Signals (MCS) 12/12/2016   005.133 LAF MCS37346 12/08/2016 12/12/2016 Book
© 2023 Central Library, National University of Sciences and Technology. All Rights Reserved.